000 00784nam a2200313 a 4500
003 AR-BaBNM
005 20251128204042.0
008 082120s2002 ||||||||||||||000 | spa||
020 _a950-03-0448-1
040 _cAR-BaBNM
100 1 _aLaferrère, Gregorio de
245 0 0 _aJettatore ;
_bLocos de verano
250 _a1ª ed.
260 _aBuenos Aires
_bLosada
_c1992
300 _a267 p.
490 0 _aBiblioteca clásica y contemporánea
650 4 _aLITERATURA ARGENTINA
650 4 _aLITERATURA POPULAR
650 4 _aTEATRO
650 4 _aCOMEDIA
650 4 _aHUMOR
650 4 _aARTES ESCENICAS
653 _aCOSTUMBRISMO
653 _aCRITICA SOCIAL
655 _aLITERATURA
700 1 _aMayer, Marcos
_eprologuista
942 _cBK
998 _cMARTIN
999 _c5974
_d5974